Statistiken für Filme nach ihren Werbeslogans #3

Klicken Sie hier um das Quiz zu spielen!

Allgemein

  • Dieses Quiz wurde 42 mal gespielt
  • Das Durchschnittsergebnis liegt bei 2 aus 20

Antwortstatistiken

SloganFilm% Korrekt
Feel the NeedNeed for Speed
57%
Get ready to jamSpace Jam
46%
Es ist nicht zu fassen: Ein Mensch kann fliegen.Superman
46%
Im Hundertmorgenwald wartet ein neues Abenteuer!Winnie Puuh
16%
Die Nacht, in der er nach Hause kam...Halloween
11%
Der perfekte Bankraub. Die perfekte Täuschung?Inside Man
11%
In diesem Wald sind sie die Jäger. Und du ihre Beute.Wrong Turn
11%
Was du nicht sehen kannst, kann dich verletzen.Der Unsichtbare
3%
Es ist angerichtet!Jeepers Creepers
3%
Köpfe werden rollenSleepy Hollow
3%
Eine Komödie über Leben, Tod und Schöner WohnenBeetlejuice
0%
Liebe stirbt nieBram Stoker's Dracula
0%
Die Unmöglichkeiten sind grenzenlos.Doctor Strange
0%
Einer wird fallenGodzilla vs. Kong
0%
Ein rasanter Trip auf dem dreckigen Pfad der VergeltungInglourious Basterds
0%
Sie explodieren nur einmal die Woche!Saturday Night Fever
0%
Der entscheidende Kampf ist der mit sich selbstSpider-Man 3
0%
Wo wirst du sein?The Day After Tomorrow
0%
A different set of jawsThe Rocky Horror Picture Show
0%
Schluss mit Eierschaukeln!(T)Raumschiff Surprise - Periode 1
0%

Verteilung der Resultate

Perzentil nach korrekt beantworteten Fragen

Anzahl Personen mit jedem Resultat

Ihre Resultats-Entwicklung

Sie haben dieses Quiz noch nicht gespielt